Perfectos mentirosos : (Registro nro. 32498)
[ vista simple ]
| 000 -CABECERA | |
|---|---|
| campo fijo de control de longitud | 00887cam a2200253 i 4500 |
| 001 - NÚMERO DE CONTROL | |
| campo de control | 32498 |
| 003 - IDENTIFICADOR DEL NÚMERO DE CONTROL | |
| campo de control | AR-RoBPED |
| 005 - FECHA Y HORADE LA ULTIMA TRANSACCION | |
| campo de control | 20260401141601.0 |
| 008 - ELEMENTOS DE LONGITUD FIJA--INFORMACION GENERAL | |
| campo fijo de control de longitud | 210325s2021 sp |||| | u0|| 1|spa d |
| 020 ## - ISBN | |
| ISBN | 9788418057618 |
| 040 ## - FUENTE CATALOGADORA | |
| Centro catalogador/agencia de origen | B-UPV |
| Agencia que realiza la modificación | AR-RoBPED |
| 041 ## - IDIOMA | |
| Código de idioma para texto/pista de sonido o título independiente | spa |
| 100 2# - ENCABEZAMIENTO PRINCIPAL--AUTOR PERSONAL | |
| Nombre de persona | Mirez, Alex |
| Fechas nac-muerte | 1994- |
| 9 (RLIN) | 28790 |
| 245 10 - TITULO | |
| Título | Perfectos mentirosos : |
| Name of part/section of a work | mentiras y secretos / |
| Mención de responsabilidad | Alex Mírez. |
| Número, parte, sección | Libro 1, |
| 260 ## - PUBLICACION | |
| Lugar | Buenos Aires : |
| Editor | Montena, |
| Fecha | 2022. |
| 300 ## - DESCRIPCION FISICA | |
| Extensión | 380 p. ; |
| Dimensiones | 22 cm. |
| 490 0# - SERIE | |
| Mención de serie | (Whattpad) |
| 520 ## - RESUMEN | |
| Resumen | En Tangus, una de las universidades más elitistas del mundo, todo gira en torno a un trío irresistible: los hermanos Cash (Penguin libros). |
| 650 #7 - TERMINO DE MATERIA--CONTROLADO | |
| Término controlado | LITERATURA VENEZOLANA |
| 9 (RLIN) | 7721 |
| Término controlado | LITERATURA JUVENIL |
| 9 (RLIN) | 292 |
| Término controlado | NOVELAS |
| 9 (RLIN) | 25 |
| 942 ## - ELEMENTOS KOHA | |
| Fuente de clasificación | Universal Decimal Classification |
| Número Koha | k. 32498 |
| Koha tipo de ítem | Libro |
| Clasificación | 860(87)-31 p |
| Signatura librística | M 63 |
| Inventario | Inv. 41091 |
| 945 ## - PROCESAMIENTO DE LA INFORMACIÓN LOCAL | |
| Catalogador y fecha | mev 01/04/2026 |
| Estado retirado | Estado perdido | Fuente de clasificación | Estado dañado | No se presta | Biblioteca propietaria | Biblioteca de reserva | Fecha de adquisición | Procedencia | Total de préstamos | Signatura topográfica completa | Código de barras (nº de inventario) | Préstamo | Fecha visto por última vez | Fecha del último préstamo | Catalogador y fecha | Tipo de ítem Koha | Nota pública |
|---|---|---|---|---|---|---|---|---|---|---|---|---|---|---|---|---|---|
| Universal Decimal Classification | Biblioteca Pedagógica Eudoro Díaz | Biblioteca Pedagógica Eudoro Díaz | 21/09/2023 | Compra | 1 | 806(87)-31 M 63 p | 41091 | 17/04/2026 | 01/04/2026 | 01/04/2026 | mev 01/04/2026 | Libro | Se presta 15 días. |